| 000 | 00671nam a2200205Ia 4500 | ||
|---|---|---|---|
| 003 | GCL | ||
| 008 | 140319s9999 xx 000 0 ara d | ||
| 040 |
_aGCL / _cGCL |
||
| 082 | 0 | 4 |
_a347.05 _bس ق |
| 100 | 1 | _aسعيد احمد شعلة | |
| 245 | 1 | 0 |
_aقضاء النقض المدنى والجنائى فى ندب الخبراء / _cسعيد احمد شعلة |
| 260 |
_a[S.N] : _bدار الفكر الجامعى |
||
| 300 | _a435 ص | ||
| 490 | _a | ||
| 650 | 0 | 4 | _aالقانون |
| 650 | 0 | 4 | _aالقانون المدنى |
| 650 | 0 | 4 | _aقانون الاجراءات الجنائية |
| 650 | 0 | 4 | _aقانون الاجراءات المدنية |
| 942 |
_2ddc _cBK |
||
| 999 |
_c54507 _d54507 |
||